000 00553cam a2200205 i 4500
001 sa 68008082
003 DLC
005 20260227112528.0
008 040707s1968 ii 000 f tamr
010 _asa 68008082
040 _aDLC
_cDLC
050 0 0 _aPL4758.9.V38
_bN4
100 1 _aMar̲aimalaiyan̲, A, 1933-
245 1 0 _aKalyāṇa ūrvalam /
_cāciriyar, A. Mar̲aimalaiyan̲.
250 _a1. patippu.
260 _aCen̲n̲ai :
_bVān̲ati Patippakam,
_c1968.
300 _a223 p. ;
_c18 cm.
500 _aA novel.
546 _aIn Tamil.
999 _c82228
_d82228